000 00343 a2200157 4500
001 63954
020 _a9788532524898 (broch.)
040 _cAnchieta - Pituba
100 _aBonder, Nilton.
240 1 0 _aA cabala da comida
_lpor
245 1 0 _aA cabala da comida
300 _a142p.
362 0 _a2010
650 4 _aJudaismo
942 _cBK
999 _c63954
_d63954